Making high school mathematics real and relevant : (Record no. 7005)

MARC details
000 -LEADER
fixed length control field 00674nam a22001937a 4500
003 - CONTROL NUMBER IDENTIFIER
control field OSt
005 - DATE AND TIME OF LATEST TRANSACTION
control field 20251210022710.0
008 - FIXED-LENGTH DATA ELEMENTS--GENERAL INFORMATION
fixed length control field 251210b |||||||| |||| 00| 0 eng d
020 ## - INTERNATIONAL STANDARD BOOK NUMBER
International Standard Book Number 971858188X
040 ## - CATALOGING SOURCE
Original cataloging agency DWCL - Main
Transcribing agency OC
082 ## - DEWEY DECIMAL CLASSIFICATION NUMBER
Classification number Fil. 510 P945 2005
100 ## - MAIN ENTRY--PERSONAL NAME
Personal name Priddle, Anthony G.
Relator term Author
245 ## - TITLE STATEMENT
Title Making high school mathematics real and relevant :
Remainder of title teaching-learning activities /
Statement of responsibility, etc. Anthony G. Priddle
260 ## - PUBLICATION, DISTRIBUTION, ETC.
Place of publication, distribution, etc. Quezon City, Philippines:
Name of publisher, distributor, etc. Great Books Publishing,
Date of publication, distribution, etc. c2005.
300 ## - PHYSICAL DESCRIPTION
Extent 152 p:
Other physical details ill.;
Dimensions 28 cm.
650 ## - SUBJECT ADDED ENTRY--TOPICAL TERM
Topical term or geographic name entry element 1. Mathematics -- Study and teaching -- Philippines.
700 ## - ADDED ENTRY--PERSONAL NAME
Personal name I. Bhagwani, Ernie T.
Relator term Editor
942 ## - ADDED ENTRY ELEMENTS (KOHA)
Source of classification or shelving scheme Dewey Decimal Classification
Koha item type Book-Filipiniana
Suppress in OPAC No
952 ## - LOCATION AND ITEM INFORMATION (KOHA)
--
952 ## - LOCATION AND ITEM INFORMATION (KOHA)
--
952 ## - LOCATION AND ITEM INFORMATION (KOHA)
--
Holdings
Withdrawn status Lost status Source of classification or shelving scheme Damaged status Not for loan Home library Current library Shelving location Date acquired Source of acquisition Total Checkouts Full call number Barcode Date last seen Copy number Price effective from Koha item type Uniform Resource Identifier
    Dewey Decimal Classification     Junior High School Library Junior High School Library Filipiniana 12/10/2025 Library Fund   Fil. 510 P945 2005 JHS - 12342 12/10/2025 c1 12/10/2025 BK-FIL
    Dewey Decimal Classification     Junior High School Library Junior High School Library Filipiniana 12/10/2025 Library Fund   Fil. 510 P945 2005 JHS - 12343 12/10/2025 c2 12/10/2025 BK-FIL
    Dewey Decimal Classification     Junior High School Library Junior High School Library Filipiniana 12/10/2025 Library Fund   Fil. 510 P945 2005 JHS - 12344 12/10/2025 c3 12/10/2025 BK-FIL